[Event "Corus-B"]
[Site "Wijk aan Zee"]
[Date "2004.01.15"]
[Round "5"]
[White "Hamdouchi, Hicham"]
[Black "Naiditsch, Arkadij"]
[Result "1-0"]
[WhiteElo "2588"]
[BlackElo "2576"]
[Annotator "Ftacnik,L"]
[PlyCount "67"]
[EventDate "2004.01.10"]
[EventType "tourn"]
[EventRounds "13"]
[EventCountry "NED"]
[EventCategory "13"]
[SourceTitle "CBM 099"]
[Source "ChessBase"]
[SourceDate "2004.03.30"]
[SourceVersion "1"]
[SourceVersionDate "2004.03.30"]
[SourceQuality "1"]

1. e4 c5 2. Nf3 d6 3. d4 cxd4 4. Nxd4 Nf6 5. Nc3 a6 6. Bc4 e6 7. Bb3 b5 8. Bg5
Be7 9. Qf3 Qc7 10. O-O-O O-O 11. e5 $1 dxe5 12. Ndxb5 axb5 {If black has to
sacrifice an exchange for some foggy compensation the whole line is in trouble.
} (12... Qb7 13. Qxb7 Bxb7 14. Nc7 Bxg2 15. Nxa8 Bxa8 16. Rhg1 Nc6 17. Ne2 Rc8
18. c3 Na5 19. Bc2 {1-0 Jurkovic,A-Kargoll,B/Budapest 1994/ (30)}) (12... Qc6
$5 13. Qxc6 Nxc6 14. Nd6 Rd8 15. Nc4 (15. Nxc8 Raxc8 16. Bc4 $14) 15... Bb7 16.
f3 Bc5 17. Bxf6 gxf6 18. Ne4 Be7 19. Ned6 Rab8 20. Nxb7 Rxb7 21. Rxd8+ Bxd8 22.
Rd1 Be7 $14 {0-1 Arakhamia Grant,K-Baginskaite,C/Frunze 1986/ (61)}) 13. Qxa8
b4 (13... Bb7 14. Qa7 Nc6 15. Nxb5 Nxa7 16. Nxc7 Bd8 17. Be3 Bxc7 18. Bxa7 Bxg2
19. Rhg1 Bf3 20. Bc5 Rc8 21. Be7 Ng4 22. Rd3 Nxh2 23. Rc3 Bb7 24. Bf6 g6 {
0-1 Musil,V-Malik,J/Moravia 2002/ (49)}) 14. Nb5 Qb6 15. Qa7 Qxb5 16. Qxe7 Nc6
17. a4 $1 ({Much less convincing was} 17. Qc7 Nd5 18. Qd6 Nd4 19. Be3 Nxb3+ 20.
axb3 Qa5 21. Kb1 Bb7 22. Qc5 Qa6 23. Qa7 Qc6 {with fighting position in
Jurkovic,A-Vajda,S/Budapest 2001/ (52)}) 17... Qa6 (17... bxa3 18. Qxa3 Nd7 19.
Ba4 $18) 18. Qc5 Nd5 (18... Ne4 19. Qe3 Nxg5 20. Qxg5 $16) 19. Kb1 (19. Qb5 Qa8
20. Rhe1 Bb7 21. Bxd5 exd5 22. f4 $16) 19... Bb7 20. Bxd5 (20. Rhe1 Ra8 21. Qb5
$16) 20... exd5 21. Rxd5 h6 (21... Qxa4 22. Qb5 Qa8 23. Rd7 Bc8 24. Rd6 Nd4 25.
Qxe5 b3 26. Rxd4 Qa2+ 27. Kc1 Qa1+ 28. Kd2 Qxh1 29. Be7 bxc2 30. Kxc2 Re8 31.
Qb5 $18) 22. Be3 Qxa4 {Naiditsch is sitting without an exchange, but white
king is not very safe.} (22... b3 23. Qb5 (23. cxb3 Nd4 24. Rd1 $14) 23...
bxc2+ 24. Kc1 Qa8 25. Rd7 $14) 23. Qb5 Qa8 24. Rd7 (24. Rd6 $1 Rc8 25. Rhd1 $16
) 24... Rb8 (24... Bc8 25. Rc7 Be6 26. b3 $16) 25. Qc4 Nd8 26. Qa2 $2 (26. f3
b3 27. Qxb3 Bc6 28. Ra7 $18) 26... Qxa2+ 27. Kxa2 Bxg2 $2 {Black is paying
back white's mistake in the moment, when 27...b3+! would offer serious
counterchances.} (27... b3+ $1 28. Kb1 (28. cxb3 Ra8+ 29. Kb1 Be4+ 30. Kc1 Ra1+
31. Kd2 Rxh1 32. Rxd8+ Kh7 $11) 28... Be4 29. Kc1 bxc2 30. Re1 $14) 28. Rhd1
Ne6 29. Kb3 f5 (29... Bf3 30. R1d6 $16) 30. Re7 Bf3 (30... Nd4+ 31. Bxd4 Bd5+
32. c4 bxc3+ 33. Kxc3 exd4+ 34. Rxd4 $18) 31. Rd6 Nf8 32. Rxe5 Be4 33. Re7 Rc8
34. Bd4 1-0

[Event "Santo Antonio 4th"]
[Site "Santo Antonio"]
[Date "2001.05.25"]
[Round "7"]
[White "Fernando, Diogo"]
[Black "Yakovich, Yuri"]
[Result "0-1"]
[WhiteElo "2404"]
[BlackElo "2577"]
[Annotator "Ftacnik,L"]
[PlyCount "50"]
[EventDate "2001.05.19"]
[EventType "tourn"]
[EventRounds "9"]
[EventCountry "POR"]
[EventCategory "9"]
[SourceTitle "CBM 084"]
[Source "ChessBase"]
[SourceDate "2001.09.13"]
[SourceVersion "1"]
[SourceVersionDate "2001.09.13"]
[SourceQuality "1"]

1. e4 c5 2. Nc3 e6 3. Nf3 a6 4. d4 cxd4 5. Nxd4 d6 6. Bc4 b5 7. Bb3 Bb7 8. O-O
Nd7 9. f4 Ngf6 10. f5 e5 11. Nde2 Rc8 (11... Be7 12. Ng3 O-O 13. Bg5 Rc8 14.
Bxf6 Nxf6 15. Nh5 Nxh5 16. Qxh5 b4 17. Nd5 Bxd5 18. exd5 (18. Bxd5 Rxc2 19. Kh1
Bf6 20. a3 Qb6 21. axb4 Rxb2 22. Rac1 h6 23. h4 Rxb4 {0-1 Ciocaltea,V-Minic,D/
Bucharest/1966/ (46)}) 18... Bf6 19. Rae1 Qb6+ 20. Kh1 Qd4 21. g4 Qd2 {1/2-1/2
Ciocaltea,V-Sokolov,V/Belgrade/1962/ (21)}) (11... Nxe4 12. Nxe4 Bxe4 13. Nc3
Bc6 14. Qh5 Qe7 15. Nd5 Bxd5 16. Bxd5 Rc8 17. Bg5 Nf6 18. Bxf6 gxf6 19. c3 Rc5
20. Rfd1 {1/2-1/2 Ciocaltea,V-Bertok,M/Sofia 1962/ (32)}) (11... Nc5 12. Ng3 h5
13. Bd5 Qc7 14. h4 b4 15. Bxb7 Qxb7 16. Nd5 Ncxe4 17. Nxe4 Nxe4 18. Be3 Nf6 {
0-1 Pregl,W-Zumtobel,T/Austria/1997/ (37)}) 12. Bg5 (12. Ng3 h5 13. Qf3 Rxc3
14. Qxc3 h4 15. Nh1 Nxe4 16. Qh3 d5 17. Nf2 Bc5 18. Be3 Ng5 19. Bxg5 Qxg5 20.
Kh1 Nf6 21. Rae1 e4 {0-1 Kokkila,T-Akesson,R/Jyvaskyla/1996/ (34)}) 12... Be7
13. Ng3 $6 (13. Kh1 h6 14. Bxf6 Nxf6 15. Qd3 O-O 16. Rad1 Qc7 17. a3 Qc5 18.
Ng3 b4 19. axb4 Qxb4 20. Qf3 a5 21. Rfe1 Bc6 22. Ra1 a4 {0-1 Gobet,F-Nunn,J/
Biel 1983/ (38)}) (13. Bxf6 Nxf6 14. Qd3 O-O 15. Ng3 Ng4 16. Qf3 Qb6+ 17. Kh1
Ne3 18. Rfe1 Nc4 19. Nh5 f6 20. Qg4 Rf7 21. Rad1 {1-0 Myrvold,T-Michelsen,S/
NOR/1991/ (58)}) 13... h5 $1 14. Bh4 {[%mdl 4] White has surprising
difficulties to hold on to his central pawn structure, black might be already
better.} (14. Bxf6 Nxf6 15. Nd5 h4 16. Nxf6+ gxf6 17. Nh1 Bxe4 18. Qg4 d5 19.
Rad1 Bc5+ {0-1 Thorsteins,K-Ghitescu,T/Reykjavik/1970/ (24)}) 14... b4 15. Bxf6
(15. Nce2 Nxe4 16. Nxe4 Bxe4 17. Bxe7 Qxe7 $17) 15... Nxf6 16. Nd5 (16. Ba4+
Kf8 17. Nd5 h4 18. Ne2 Nxe4 $17) 16... h4 17. Nxf6+ (17. Nh1 $5 Nxe4 18. Nf2
$15) 17... gxf6 18. Nh5 (18. Ba4+ Kf8 19. Nh1 Bxe4 $17) 18... Qb6+ 19. Kh1 (19.
Rf2 Bxe4 20. Qg4 d5 $19) 19... Qe3 $1 {White knight on h5 is hoplessly
misplaced and black is already winning.} 20. Nxf6+ (20. Ng7+ Kf8 21. Re1 Qg5
$19) 20... Bxf6 21. Qxd6 Qxe4 22. Rf3 (22. Ba4+ Bc6 $19) 22... Be7 23. Bxf7+ (
23. Ba4+ Kf8 $19) 23... Kxf7 24. Qe6+ Kf8 25. f6 Bc5 (25... Bc5 26. Qd7 Rg8 $19
) 0-1

[Event "Moscow Aeroflot op"]
[Site "Moscow"]
[Date "2002.02.07"]
[Round "4"]
[White "Macieja, Bartlomiej"]
[Black "Poluljahov, Aleksandr"]
[Result "1-0"]
[WhiteElo "2612"]
[BlackElo "2527"]
[Annotator "Ftacnik,L"]
[PlyCount "91"]
[EventDate "2002.02.04"]
[EventType "swiss"]
[EventRounds "9"]
[EventCountry "RUS"]
[SourceTitle "CBM 088"]
[Source "ChessBase"]
[SourceDate "2002.03.21"]
[SourceVersion "1"]
[SourceVersionDate "2002.03.21"]
[SourceQuality "1"]

1. e4 c5 2. Nf3 d6 3. d4 cxd4 4. Nxd4 Nf6 5. Nc3 a6 6. Bc4 e6 7. Bb3 b5 8. O-O
Be7 9. Qf3 Qc7 10. Qg3 Nc6 11. Nxc6 Qxc6 12. Re1 Bb7 13. a3 O-O 14. Bh6 Ne8 15.
Rad1 Kh8 16. Bg5 Bxg5 17. Qxg5 Nf6 18. Re3 (18. Rd3 Rad8 (18... h6 19. Qd2 Rfd8
20. f3 Rd7 21. Rd1 Rad8 22. Qf2 Qc5 23. Ne2 Kg8 24. Nd4 Qe5 25. Qg3 Nh5 26.
Qxe5 dxe5 {1/2-1/2 Vujadinovic,G-Cvetkovic,S/Vrnjacka Banja 1990/ (49)}) 19.
Rf3 (19. Rg3 Rg8 20. Qh4 (20. Rh3 Qc5 21. Qh4 g5 22. Qg3 g4 23. Qf4 Nh5 $4 (
23... Qe5) 24. Rxh5 Qxh5 25. Qf6+ {1-0 Seibold,H-Jirovsky,P/Bayern 1998/ (25)})
(20. h4 a5 21. e5 dxe5 22. Rxe5 b4 23. axb4 axb4 24. Ba4 Qc7 {0-1 Collins,
S-Maki Uuro,M/Port Erin 1999/ (29)}) 20... a5 21. Ree3 (21. Rg5 b4 22. axb4
axb4 23. Na2 Qb6 24. Nc1 Qd4 25. Nd3 g6 26. Rb5 {1-0 Hamdouchi,H-James,D/
Moscow 1994/ (35)}) 21... b4 22. Ne2 bxa3 23. bxa3 a4 {0-1 Movsziszian,
K-Shneider,A/Tallinn 1988/ (33)}) (19. Qd2 Rd7 20. Rd1 Rfd8 21. f3 Qc5+ 22. Qf2
Kg8 23. Ne2 Qxf2+ 24. Kxf2 Kf8 {1/2-1/2 Golubev,M-Zagorskis,D/Muenster 1994/ 
(33)}) 19... Qc5 20. Nd5 (20. Bd5 exd5 21. Rxf6 d4 22. Rf5 Qc7 23. Nd5 Bxd5 24.
Rxd5 Qxc2 25. Rxd4 Qxb2 {0-1 Ebert,W-Gurevich,V/Mainz 1995/ (42)}) (20. Qh4 Qh5
(20... Qe5 21. Rg3 h6) 21. Qxh5 Nxh5 22. Rd3 Rd7 23. Rd4 Bc6 24. a4 Nf6 25.
axb5 axb5 26. Ra1 {1-0 Robovic,S-Mirabile,T/Long Island 1996/ (34)}) 20... exd5
21. Rxf6 dxe4 22. Rf5 d5 23. Re3 f6 24. Qh4 Qe7 25. Rg3 g5 26. Qh5 Qe6 27. Rh3
Qxf5 {0-1 Velimirovic,D-Tukmakov,V/Amsterdam 1974/ (27)}) 18... Rad8 19. Rg3 (
19. Kh1 Qc5 20. Qf4 Qe5 21. Qxe5 dxe5 22. f3 Kg8 {1/2-1/2 Sorensen,J-Hellers,F/
Herning 1991/ (22)}) 19... Rg8 20. e5 $1 {[%mdl 8] The great new idea behind
the smart concept satrting with 18.Re3. Black is unable to properly service
the needs of his defense.} Ne4 (20... dxe5 21. Rxd8 $18) 21. Nxe4 Qxe4 22. Re3
h6 (22... Qc6 23. Rd4 $1 h6 24. Rh4 Kh7 25. Reh3 Qxg2+ 26. Qxg2 Bxg2 27. Kxg2
dxe5 28. Re3 $18) 23. Rxe4 hxg5 24. Red4 (24. Re3 Kh7 25. exd6 (25. Rxd6 Rxd6
26. exd6 Rd8 27. Rd3 Kg6 28. c4 bxc4 29. Bxc4 Kf5 30. b4 $16) 25... Kg6 26. a4
$16) 24... d5 (24... Kh7 25. Rxd6 Rxd6 26. exd6 $18) (24... Bd5 $2 25. Bxd5
dxe5 26. R4d3 Rxd5 27. Rh3#) 25. h4 $1 {Macieja is winning the pawn and the
endgame will be very unpleasant for black.} Kh7 (25... f6 26. hxg5 fxg5 27. Rg4
Kh7 28. Rxg5 $16) 26. hxg5 f6 (26... Kg6 27. f4 f6 28. exf6 gxf6 29. Re1 Kf7
30. gxf6 $16) 27. Rg4 f5 (27... fxe5 $2 28. g6+ Kh6 29. Rd3 Kh5 30. Rdg3 Rgf8
31. f3 $18) (27... fxg5 28. Rxg5 $16) 28. Rh4+ (28. Rb4 Kg6 29. f4 $16) 28...
Kg6 29. f4 a5 (29... Rh8 30. Rxh8 Rxh8 31. Rd4 $16) 30. Rd4 Rh8 31. Rxh8 Rxh8
32. c3 Bc6 (32... Rh4 33. Bd1 $16) 33. Bd1 Kf7 34. Be2 Ke7 35. Kf2 Rb8 (35...
Rh1 36. Rd2 $16) 36. g4 $1 {The first decisive step in order to convert a
spare pawn. How can black now pretend, that he is not missing one soldier?}
fxg4 (36... g6 37. gxf5 gxf5 38. Rd2 $16) 37. Bxg4 Be8 (37... g6 38. Kg3 $16)
38. f5 $1 exf5 39. Bxf5 Bf7 40. Kg3 Be6 (40... g6 41. Bg4 Be6 42. Bf3 Rd8 43.
Be2 $18) 41. Bd3 Bg8 42. Rh4 Rb6 (42... Be6 43. Rh7 Kf7 44. Kf4 $18) 43. Rh8
Bf7 (43... Rb8 44. Bh7 $18) 44. Ra8 b4 45. Ra7+ Ke6 46. Kf4 (46. Kf4 g6 47. Be2
$18) 1-0

[Event "American Continental 2nd"]
[Site "Buenos Aires"]
[Date "2003.08.21"]
[Round "4"]
[White "Kudrin, Sergey"]
[Black "Garcia, Gildardo"]
[Result "1-0"]
[WhiteElo "2538"]
[BlackElo "2473"]
[Annotator "Ftacnik,L"]
[PlyCount "63"]
[EventDate "2003.08.17"]
[EventType "swiss"]
[EventRounds "11"]
[EventCountry "ARG"]
[SourceTitle "CBM 097"]
[Source "ChessBase"]
[SourceDate "2003.11.11"]
[SourceVersion "1"]
[SourceVersionDate "2003.11.11"]
[SourceQuality "1"]

1. e4 c5 2. Nf3 d6 3. d4 cxd4 4. Nxd4 Nf6 5. Nc3 a6 6. Bc4 e6 7. Bb3 b5 8. Bg5
Be7 9. Qf3 Qb6 10. O-O-O O-O 11. g4 b4 12. Na4 Qb7 13. Bxf6 Bxf6 14. h4 Nd7 {
It is hard to believe, that black could have problems as white is without dark
squared bishop and his a4 knight is not great.} (14... Nc6 15. Nxc6 Qxc6 16. g5
Be7 17. Qe3 Rb8 18. f4 Rb5 19. h5 Bb7 20. Rhe1 Bd8 21. Kb1 Re8 {0-1 Kudrin,
S-Morovic Fernandez,I/Buenos Aires 2003/ (53)}) 15. g5 Be7 16. Rhg1 Nc5 (16...
Ne5 17. Qg2 (17. Qe3 Nc6 18. h5 Na5 19. g6 Nxb3+ 20. Nxb3 (20. Qxb3 Qxe4 21.
gxf7+ Rxf7 22. Nb6 Bf6 $15) 20... fxg6 21. hxg6 h6 22. Nb6 Rb8 23. Nxc8 Rbxc8
24. Nd4 Qc7 25. Qb3 Qc4 $15) 17... Nc6 18. g6 hxg6 19. Nf5 Qc7 20. Nxe7+ Nxe7
21. h5 $13) 17. Nxc5 dxc5 18. Nf5 $1 {[%mdl 128] Very spirited combination,
black must be careful in order to avoid real trouble.} exf5 (18... a5 19. Nxe7+
Qxe7 20. h5 $14) 19. Bd5 Qb8 20. exf5 Ra7 21. f6 Be6 (21... Bd6 22. g6 $1 Bf4+
23. Kb1 hxg6 24. Rxg6 Qe5 25. Rxg7+ Kh8 26. Be4 $18) 22. fxe7 Rxe7 (22... Re8
23. Bxe6 fxe6 24. g6 hxg6 25. Rxg6 Raxe7 26. Qe4 $16) 23. h5 Qe5 (23... Bxd5
24. Rxd5 Re5 25. Rgd1 $14) 24. Rde1 $1 Qd4 25. Qe4 Qxf2 (25... Rfe8 26. Qxd4
cxd4 27. Bxe6 Rxe6 28. Kd2 $14) 26. Rgf1 Qd4 $6 {Defense in sharp position is
always difficult, as dangers are lurking from many corners.} (26... Qh2 27. g6
Qxh5 28. gxf7+ Bxf7 29. Qxe7 (29. Rxf7 Rexf7 30. Rf1 Qg5+ 31. Kb1 Qd8 $15)
29... Qxd5 30. b3 $14) 27. g6 $1 hxg6 (27... Qxe4 28. Rxe4 hxg6 29. hxg6 Bxd5
30. Rxe7 fxg6 31. Rxf8+ Kxf8 32. Re5 Bxa2 33. b3 c4 34. Kb2 $18) 28. hxg6 Bxd5
29. Qxe7 Bxa2 (29... Qc4 30. Rf5 Qxa2 31. Qh4 fxg6 32. Rxf8+ Kxf8 33. Qf4+ Kg8
34. Re8+ Kh7 35. Qh4#) 30. Re4 Qd5 (30... Qd8 31. gxf7+ Bxf7 32. Rxf7 Qxe7 33.
Rfxe7 $18) 31. Rh4 Qd8 (31... Rc8 32. b3 fxg6 33. Rfh1 $18) 32. Rfh1 $1 (32.
Rfh1 $1 Qxe7 33. Rh8#) 1-0

[Event "Montreal-A 5th"]
[Site "Montreal"]
[Date "2004.08.04"]
[Round "1"]
[White "Nataf, Igor Alexandre"]
[Black "Novikov, Igor A"]
[Result "1-0"]
[WhiteElo "2553"]
[BlackElo "2610"]
[Annotator "Ftacnik,L"]
[PlyCount "151"]
[EventDate "2004.08.04"]
[EventType "tourn"]
[EventRounds "11"]
[EventCountry "CAN"]
[EventCategory "12"]
[SourceTitle "CBM 103"]
[Source "ChessBase"]
[SourceDate "2004.11.11"]
[SourceVersion "1"]
[SourceVersionDate "2004.11.11"]
[SourceQuality "1"]

1. e4 c5 2. Nf3 d6 3. d4 cxd4 4. Nxd4 Nf6 5. Nc3 a6 6. Bc4 e6 7. Bb3 b5 8. Qf3
Qb6 9. Be3 Qb7 10. O-O-O Nbd7 11. Rhe1 Nc5 (11... Be7 12. Qg3 b4 13. Nf5 bxc3
14. Nxe7 cxb2+ 15. Kb1 Nxe4 16. Qxg7 Rf8 17. Nd5 a5 18. Bh6 a4 19. Rxe4 axb3
20. Rxe6+ Kd8 21. Bg5+ {1-0 Doghri,N-Ilincic,Z/Istanbul 2000/ (21)}) 12. Bg5 (
12. Bd5 exd5 13. Nxd5 Nfd7 14. Nb3 Ne5 15. Qg3 f6 16. Na5 Qf7 17. Bxc5 dxc5 18.
f4 Ng6 19. e5 fxe5 20. f5 Bxf5 21. Rxe5+ Nxe5 22. Qxe5+ Be7 23. Rf1 Rd8 24.
Rxf5 Qxd5 25. Qxd5 Rxd5 26. Rxd5 O-O {1/2-1/2 Radjabov,T-Naiditsch,A/Antalya
2004/ (66)}) 12... Be7 13. Kb1 O-O 14. e5 $1 {Nataf is opening up the center
in the dangerous moment, when his pieces are much better developed.} dxe5 (
14... Qxf3 15. gxf3 $1 (15. Nxf3 dxe5 16. Nxe5 Bb7 17. f3 Rfd8 $15) 15... dxe5
16. Nc6 Re8 17. Nxe7+ Rxe7 18. Rd8+ Re8 19. Bxf6 $18) 15. Nc6 e4 (15... Ra7 16.
Rxe5 Nxb3 17. Nxe7+ Qxe7 18. Nd5 exd5 19. Rxe7 Rxe7 20. Bxf6 gxf6 21. axb3 $18)
16. Nxe7+ Qxe7 17. Nxe4 Ncxe4 (17... Bb7 18. Bxf6 gxf6 19. Nxf6+ Kh8 20. Qc3
$18) 18. Qxe4 Nxe4 19. Bxe7 Re8 (19... Nxf2 20. Bxf8 Nxd1 21. Bc5 Nxb2 22. Bd5
Rb8 23. Kxb2 $18) 20. f3 (20. Rxe4 Bb7 21. Red4 Rxe7 22. f3 Kf8 $11) 20... Bb7
(20... Nf2 $2 21. Rd2 $18) 21. Bb4 Nf6 {White has won the bishop's pair, but
black position is extremely solid.} (21... a5 $2 22. fxe4 axb4 23. Rd4 $16) 22.
Ba5 Bd5 (22... Nd5 23. c3 Rac8 24. Rd2 $14) 23. c3 Bxb3 (23... Rac8 24. Bc2 e5
25. Bb6 $13) 24. axb3 Rec8 25. Rd6 Kf8 (25... Nd5 26. Re4 Kf8 27. Kc2 Nf6 28.
Re5 Ke7 29. Rd4 $13) 26. Red1 Nd5 27. Rd7 (27. Re1 h5 $11) 27... Ke8 28. Rb7
Rcb8 29. Rxb8+ Rxb8 30. c4 Ne7 {Novikov was defending very well and should
have little problem completely consolidating his position.} (30... bxc4 31.
bxc4 Ne3 $1 32. Rd4 h5 33. g3 $11) 31. Bb4 Nf5 (31... bxc4 32. Bxe7 Kxe7 33.
bxc4 a5 $11) 32. Bc3 f6 (32... Rc8 $5 33. Rd3 f6 34. g4 Ne7 35. Rd6 Rc6 $15)
33. g4 Ne7 (33... Nh4 34. f4 Nf3 35. h3 b4 36. Be1 Rb7 $13) 34. Re1 (34. Rd6 b4
35. Bd2 Rd8 (35... a5 36. Rxe6 $16) 36. Bxb4 Rxd6 37. Bxd6 Nc6 38. f4 (38. b4
Nd4 39. f4 Nf3 40. Kc2 Nxh2 41. g5 fxg5 42. fxg5 Nf3 43. Bf4 e5 44. Be3 e4 $13)
38... Nd4 39. h4 Nxb3 40. Kc2 Nd4+ 41. Kd3 $14) 34... Kf7 35. Rd1 Rb7 (35... e5
36. Rd7 Ke6 37. Ra7 Rb6 38. Ba5 Rd6 39. h4 (39. Bc7 Rd3 40. Rxa6+ Kd7 41. Bb6
Nc8 $15) 39... Nc6 40. Rxa6 Nd4 41. cxb5 Nxb5 $11) 36. Rd6 Rc7 (36... Ra7 37.
Kc2 e5 $13) 37. Rxa6 bxc4 38. Ba5 Rc6 (38... Rc8 39. bxc4 Rxc4 40. Ra7 Ke8 41.
Bd2 $14) 39. Ra7 Ke8 40. b4 (40. Kc2 e5 41. Bc3 cxb3+ 42. Kxb3 g5 $11) 40...
Rc8 $2 (40... Rd6 $1 {The endgame became much more dangerous for black, but
the spirited idea 40...Rd6! seems to hold equality.} 41. b5 Rd3 42. Ra8+ Kf7
43. b6 Rb3 44. Ra7 e5 45. b7 Ke6 46. Bc7 Nc6 47. Ra6 Rxb7 48. Rxc6+ Kd7 49.
Rxc4 Rxc7 50. Rxc7+ Kxc7 51. Kc2 Kd6 52. Kd3 Kd5 53. b4 g6 $11) 41. b5 Rb8 42.
b6 Nc6 (42... h5 43. gxh5 Nc6 44. Rxg7 Kf8 45. Ra7 Nxa7 46. bxa7 Ra8 47. Bb6
Kg7 48. Kc2 $18) 43. Rxg7 Kf8 (43... Nxa5 44. Rg8+ $18) 44. Rxh7 Kg8 45. Rh5 e5
(45... Nxa5 46. Rxa5 Rxb6 47. Kc2 $18) 46. Bc3 Rxb6 47. g5 $1 {This clever
break exposes all black weak pawns and activates white pieces.} Nd4 (47... fxg5
48. Rxg5+ Kf7 49. Rg4 Ke6 50. Rxc4 Kd5 51. Rg4 $18) 48. gxf6 Ne2 (48... Nxf3
49. Rf5 Nh4 50. f7+ Kf8 51. Rxe5 Kxf7 52. Re4 Nf5 53. Rxc4 $18) 49. Bxe5 c3 50.
Rh8+ $1 Kf7 (50... Kxh8 51. f7+ Kh7 52. f8=Q $18) 51. Rh7+ Kf8 (51... Ke6 52.
Re7+ Kd5 53. f7 $18) 52. Rh8+ Kf7 53. Rb8 $1 {[%mdl 4096] The game transposes
to the very interesting endgame, where white bishop and three pawns manage to
outsmart single black knight.} Rxb8 54. Bxb8 cxb2 (54... Kxf6 55. bxc3 Nxc3+
56. Kc2 Nd5 57. Bg3 Kf5 58. Kd3 $18) 55. Be5 Nc1 (55... Ng1 56. f4 Nf3 57. h3
$18) 56. f4 (56. Bxb2 Nd3 57. h4 $18) 56... Nd3 57. h4 Nc5 (57... Kg6 58. h5+
Kf7 59. h6 Nxf4 60. Bxf4 Kxf6 61. Kxb2 $18) 58. Kxb2 Nd7 59. h5 Ke6 (59... Nxf6
60. Bxf6 Kxf6 61. Kc3 Kg7 62. f5 $18) 60. Kc3 Nf8 61. Kd4 Nh7 62. Kc5 Nf8 63.
Kc6 Kf7 (63... Nh7 64. Kc7 Kf7 65. Kd7 Nf8+ 66. Kd6 $18) 64. Kd6 Ne6 (64... Nh7
65. Kd5 Nf8 66. Bd6) 65. Kd5 Nf8 66. Bd6 $1 {THe knight will not be able to
blockade the pawns and access of the white king forever.} Ne6 (66... Nh7 67.
Be7 $18) 67. Ke5 Nd8 68. Kf5 Kg8 69. Bc7 Nf7 70. Ke6 Kf8 71. Bd6+ Ke8 (71...
Kg8 72. Ke7 Nh6 73. Ke8 Nf7 74. Bf8 Nh8 75. h6 Kh7 76. f5 Kg8 77. f7+ $18) 72.
Be7 Nh6 73. Bc5 Nf7 74. Kf5 Nh8 75. f7+ $1 Nxf7 (75... Kxf7 76. Bd4 $18) 76.
Kg6 1-0

[Event "FIDE World Cup-C (Women)"]
[Site "Shenyang"]
[Date "2000.09.04"]
[Round "4"]
[White "Wang, Yu"]
[Black "Khurtsidze, Nino"]
[Result "1-0"]
[WhiteElo "2401"]
[BlackElo "2418"]
[Annotator "Ftacnik,L"]
[PlyCount "47"]
[EventDate "2000.09.01"]
[EventType "tourn"]
[EventRounds "5"]
[EventCountry "CHN"]
[EventCategory "7"]
[SourceTitle "CBM 079"]
[Source "ChessBase"]
[SourceDate "2000.11.21"]
[SourceVersion "1"]
[SourceVersionDate "2000.11.21"]
[SourceQuality "1"]

1. e4 c5 2. Nf3 e6 3. d4 cxd4 4. Nxd4 Nf6 5. Nc3 d6 6. Bc4 a6 7. Bb3 b5 8. O-O
b4 9. Na4 Nxe4 $6 10. Re1 d5 11. c4 $1 {The difference between levels of
development of both players is enormous, the whole line is not teanable for
black.} (11. Nf5 g6 12. Qd4 Rg8 13. Nh6 Nc6 14. Qe3 Bxh6 15. Qxh6 Qf6 16. f3
Nd6 17. Bxd5 Bd7 18. Nb6 Rb8 19. Nxd7 Kxd7 20. Bb3 $16 {0-1 Nikolajevic,T-Di
Lao,R/Torino/2000/ (55)}) (11. f3 Nc5 12. Bxd5 Qxd5 13. Nxe6 Qxd1 14. Nxg7+ Kd8
15. Rxd1+ Kc7 16. Ne8+ Kc6 17. Rd8 Bd7 18. Bf4 Nxa4 19. Re1 Bc5+ {0-1 Uhmann,
J-Stefanov,E/Brno/1999/ (38)}) (11. f4 Be7 12. f5 exf5 13. Qf3 g6 14. Bh6 Be6
15. Bg7 Rg8 16. Be5 Bd6 17. Bxd6 Qxd6 18. Rad1 Nd7 19. c3 bxc3 20. Nxc3 Ndf6 {
1/2-1/2 Gara,T-Biro,G/HUN/1996/ (44)}) 11... bxc3 12. Nxc3 (12. bxc3 Be7 13. c4
Nf6 14. cxd5 exd5 15. Ba3 Ra7 16. Nb6 Qxb6 17. Ba4+ Kf8 18. Rb1 Qd8 19. Rxe7
Rxe7 20. Rxb8 Qc7 21. Nc6 Ng8 22. Qe1 {1-0 Dvorak,T-Havlicek,L/Vsetin/1997/ 
(41)}) 12... Nxc3 (12... Bb4 13. Bxd5 Nxc3 14. bxc3 Bxc3 15. Bxa8 Bxa1 16. Qa4+
Qd7 17. Nc6 O-O 18. Ba3 Bf6 19. Bxf8 Kxf8 20. Qb4+ {1-0 Enzmann,S-Hatarik,R/
Frankfurt/1999/ (20)}) 13. bxc3 Be7 14. Bf4 (14. Ba4+ Bd7 15. Nf5 O-O 16. Bxd7
Nxd7 17. Nxe7+ Qxe7 18. Qxd5 Rfc8 19. Bf4 Nb6 20. Qb3 {1-0 Lickleder,A-Rajic,I/
Bayern/1995/ (63)}) 14... Bd7 (14... O-O 15. Bxb8 Rxb8 16. Nc6 $16) (14... Bb7
15. Ba4+ Nd7 16. Rb1 Qc8 17. Qg4 $16) 15. Bxd5 $1 {[%mdl 128] This simple new
move finishes the whole line for the defender, white wins by force.} (15. Nf5
O-O 16. Bxd5 Nc6 17. Nxe7+ Qxe7 18. Be4 Rfd8 19. Bd6 Qg5 20. Bc7 {1-0 Jahr,
U-Belik,D/Giessen 1991/GER (20)}) 15... Ra7 (15... exd5 16. Bd6 Be6 17. Nxe6
fxe6 (17... Qxd6 18. Nxg7+ Kf8 19. Nf5 $18) 18. Rxe6 Ra7 (18... Nc6 19. Qh5+ g6
20. Qxd5 Rc8 21. Rae1 $18) 19. Qxd5 Rd7 20. Rae1 $18) 16. Rb1 $1 Rc7 (16... Bb5
17. Bxb8 Qxb8 18. Bc6+ Kf8 19. a4 $18) 17. Bxc7 Qxc7 18. Rb7 Qc8 (18... Qd6 19.
Nxe6 $1 fxe6 20. Bxe6 Bc6 (20... Qxd1 21. Rxb8+ Bd8 22. Rxd1 $18) 21. Bb3 Qxd1
22. Rbxe7+ Kd8 23. Bxd1 $18) 19. Qb3 O-O 20. Nxe6 $1 {The last spirited blow
for the poor Khurtidze, she could have resigned with a clear contience.} fxe6 (
20... Bxe6 21. Bxe6 fxe6 22. Rxe7 $18) 21. Rxe6 (21. Bxe6+ Kh8 22. Bxd7 Nxd7
23. Rxe7 Nc5 24. Rxg7 $1 Nxb3 25. Rxh7+ Kg8 26. Rbg7#) 21... Kh8 22. Rxe7 Qc5
23. Re3 Ba4 24. Qb4 (24. Qxa4 Qxd5 25. Re8 $18) 1-0